00468nam a22001697a 450000500170000001000130001702000260003003700160005610000250007224500810009726000300017827000140020830000280022270000190025094200120026999900170028120150821123104.0 a1516ENO7 a9780128024447c595.00 aDPLbPS/Ven aOuellette, Robert J. aprinciples of organic chemistry /cby Robert J. Ouellette [and] J.David Rawn aNew DelhibElsevierc2015 bNew Delhi ax,485p.bill.c28cm(HB) aRawn, J.David  2ddccEN c96351d96351